000 00807nam a2200217 i 4500
001 43560
003 ES-MaACL
005 20251114105614.0
007 t|
008 030318s1967 sp ||||1| spa d
100 1 _aCastroviejo, José María,
_d1909-1983
_936993
245 1 4 _aEl Conde de Gondomar, un azor entre ocasos /
_cJosé María Castroviejo, Francisco de P. Fernández de Córdoba.
260 _aMadrid :
_bPrensa Española,
_c1967.
300 _a248 p., 6 lám. ;
_c21 cm.
490 1 _aColección "Los Tres Dados"
600 1 7 _aGondomar, Diego Sarmiento de Acuña,
_cConde de,
_d1567-1626
_2
_9127381
700 1 _aFernández de Córdoba, Francisco de P.
_949651
830 0 _aColección "Los Tres Dados"
_9181995
852 _aES-MaACL
_jC-32729
_bR.63590
999 _c43560
_d43560